000
00281nam a22001097a 4500
008
170119b xxu||||| |||| 00| 0 eng d
020
_a
9781437714166
041
_a
eng
080
_2
6TH
_a
618.2
245
_a
POLI CY & POLITICS IN NURSING AND HEALTH CARE
_c
MASON, D.J
942
_2
udc
_c
BK
999
_c
3174
_d
3174